000 00553nam a22001577a 4500
003 0
005 20231107100321.0
008 230701b xxu||||| |||| 00| 0 eng d
050 _aRC 552
_b.Si623 2022
100 _aSison, Alexa Dominique C.
245 _aEating behavior patterns and body image satisfaction of young adult females with absentee fathers
_cSison, Alexa Dominique C.
260 _aLas PiƱas City
_bSouthville International School and Colleges
_cC2022
300 _axi, 157pp.
_c28cm.
500 _aEating behavior.
942 _2lcc
_cTH
999 _c365104
_d365104